| 000 | 00812nam a22002415i 4500 | ||
|---|---|---|---|
| 001 | 168162 | ||
| 003 | ES-MaACL | ||
| 005 | 20250804085014.0 | ||
| 008 | 980131s1895 fr |||| | fre d | ||
| 040 |
_aNA _bspa _cNA |
||
| 080 | _a330.84/86 | ||
| 100 | 1 |
_aZiegler, Theobald. _9134043 |
|
| 245 | 1 | 3 |
_aLa question sociale est une question morale / _cTh. Ziegler ; traduit d'après la quatrième édition allemande par G. Palante. |
| 250 | _a2e éd. | ||
| 260 |
_aParis : _bFelix Alcan, _c1895 ( _eEvreux : _fImprimerie de Charles Hérissey) |
||
| 300 |
_aXV, 172 p. ; _c18 cm. |
||
| 650 | 7 |
_aÉtica social _2embne _912593 |
|
| 650 | 0 | 7 |
_aSocialismo _2embne _917147 |
| 700 | 1 |
_aPalante, G. _9130791 |
|
| 852 |
_aES-MaACL _jF-11613 _z-- Enc. pasta española |
||
| 999 |
_c168162 _d168162 |
||